Kto sa raz zamiluje do bakelitu, ostane mu už verný celý život pri OC Galéria si dali zraz milovníci bakelitových vozidiel z Česka, Poľska aj zo Slovenska. pripomenuli si výročie výroby trabantov a zmerali si sily v súťaži zručnosti či o najlepší tuning

Bibliographic Details
Main Author: Božinovská, Andrea (Author)
Format: Article
Language:Slovak
PhysicalDescription:Obr.
ISSN:1336-5320
Subjects:
Online Access:www.korzar.sk

MARC

LEADER 00000nab a2200000 a 4500
001 vtls009008072
003 SK-MaSNL
005 20260303065506.0
008 070718 2007 xo r r 000 0 slo
038 |a KEVKJB 
040 |a KEVKJB  |b slo  |c KEVKJB  |e AACR2 
041 0 |a slo 
044 |a xo  |c SK 
080 |a 629.331  |2 2001 
100 1 |a Božinovská, Andrea  |4 aut  |9 873401 
245 1 0 |a Kto sa raz zamiluje do bakelitu, ostane mu už verný celý život  |b pri OC Galéria si dali zraz milovníci bakelitových vozidiel z Česka, Poľska aj zo Slovenska. pripomenuli si výročie výroby trabantov a zmerali si sily v súťaži zručnosti či o najlepší tuning 
300 |b Obr. 
611 2 7 |a Celoslovenský trabant zraz  |n (6. :  |d 2007 :  |c Košice a Čaňa, Slovensko)  |2 kevkjb  |9 1061456 
650 0 7 |a osobné automobily  |2 kevkjb  |9 26643 
650 0 7 |a Trabant (osobný automobil)  |2 kevkjb  |9 153298 
651 7 |a Košice (Slovensko)  |2 kevkjb  |9 18694 
651 7 |a Čaňa (Slovensko)  |2 kevkjb  |9 28954 
651 7 |a Košice-okolie (Slovensko : okres)  |2 kevkjb  |9 146743 
773 0 |t Košický večer  |g Roč. 18(39), č. 28 (13.7.2007), s. 12-13  |x 1336-5320 
852 |a KEVKJB  |b KIS3GCP 
856 4 1 |u www.korzar.sk 
999 |c 1751401  |d 1753331